Anne Frank (Registo nº 731)

Detalhes MARC
000 -Etiqueta do registo
Cabeçalho 00846nam0a2200289 4500
005 - Identificador da versão
Campo de controlo 20240813121811.0
010 ## - Número internacional normalizado dos livros (ISBN)
Número (ISBN) 9727103898
021 ## - Número do Depósito Legal
Código do país PT
Número 220981/05
100 ## - Dados gerais de processamento
Dados gerais de processamento 20160309d2005 a e0pory5003 ba
102 ## - Pais de publicação ou produção
País de publicação Portugal
101 1# - Língua de publicação
Língua do texto, banda sonora, etc. Português
Língua do documento no original Inglês
215 ## - Descrição física 
Indicação específica da natureza do documento e extensão da espécie [36] p.
Outras indicações físicas il. color
200 1# - Titulo e menção de responsabilidade
Título próprio Anne Frank
Primeira menção de responsabilidade Josephine Poole
Outras menções de responsabilidade il. de Angela Barrett
205 ## - Menção da edição
Menção da edição 1ª ed.
210 ## - Publicação, Distribuição, etc. 
Lugar da edição, distribuição, etc. Lisboa
Nome do editor, distribuidor, etc. Terramar
Data da publicação, distribuição, etc. 2005
300 ## - Notas gerais 
Texto da nota Plano Nacional Leitura
606 ## - Nome comum usado como assunto
Número de registo de entrada de autoridade 0002745
Palavra de ordem Frank, Anne
Subdivisão de assunto Biografias
Código do sistema CA
Número de registo de entrada de autoridade 0002746
Palavra de ordem História
Subdivisão de assunto Alemanha
Subdivisão cronológica 1929-1945
Código do sistema CA
675 ## - Classificação Decimal Universal (CDU)
Notação 929Frank, Anne
Edição 3ª ed.
Língua da edição por
Notação 94(430)
Edição 3ª ed.
Língua da edição por
702 #1 - Nome de autor-pessoa física (responsabilidade secundária)
Número de registo de entrada de autoridade 0002750
Palavra de ordem Barrett
Outra parte do nome não tomada para palavra de ordem Angela
Código de função Ilustrador / Técnico de desenho computorizado
700 #1 - Nome de autor-pessoa física (responsabilidade principal)
Número de registo de entrada de autoridade 0002749
Palavra de ordem Poole
Outra parte do nome não tomada para palavra de ordem Josephine
966 ## - Identificação da Biblioteca
Sigla EB2,3ENM
942 ## - Elementos de entrada adicionados (Koha)
Tipo de item no Koha Livro
Exemplares
Situação do levantamento Origin of item (home branch) (coded) Biblioteca de empréstimo Código de barras Cota Circulation type (not for loan) Tipo de documento Nota do exemplar Damaged status
  Biblioteca Escolar Eng. Nuno Mergulhão Biblioteca Escolar Eng. Nuno Mergulhão BENM1260 92FRA POO PNL   Livro Sem mensagem